| 000 | 00769nam a2200205 i 4500 | ||
|---|---|---|---|
| 001 | 128305 | ||
| 003 | ES-MaACL | ||
| 005 | 20250804011348.0 | ||
| 007 | t| | ||
| 008 | 070628s1982 sp ||||1| spa d | ||
| 100 | 1 |
_aZola, Émile, _d1840-1902 _9118331 |
|
| 245 | 1 | 3 |
_aEl vientre de París _b: . Los Rougon -Macquart : historia natural y social de una familia del Segundo Imperio / _cEmile Zola ; [traducción, Esther Benítez]. |
| 260 |
_aMadrid : _bAlianza, _c[1982] |
||
| 300 |
_a331 p. ; _c18 cm. |
||
| 490 | 1 |
_aLibros de bolsillo ; _v874. _aSección Clásicos |
|
| 700 | 1 |
_aBenítez, Esther, _d1937-2001 _927600 |
|
| 830 | 0 | 3 |
_aEl libro de bolsillo. _pClásicos _v874. _9179723 |
| 852 |
_aES-MaACL _jL-3228 _bR.104215 |
||
| 999 |
_c128305 _d128305 |
||